| 000 | 00796nam a2200193Ia 4500 | ||
|---|---|---|---|
| 003 | GCL | ||
| 005 | 20240530110212.0 | ||
| 008 | 140319s9999 xx 000 0 ara d | ||
| 040 |
_aGCL / _cGCL |
||
| 082 | 0 | 4 |
_aم _b235.5 _bس س |
| 100 | 1 | _aالسيوطى : جلال الدين ابوالفضل عبدالرحمن بن ابى بكر بن محمد الخضيرى | |
| 245 | 1 | 0 |
_aسنن النسائى / _cالسيوطى : جلال الدين ابوالفضل عبدالرحمن بن ابى بكر بن محمد الخضيرى |
| 260 |
_a[S.N] : _bالمكتبة التجارية الكبرى |
||
| 650 | 0 | 4 | _aالحديث |
| 650 | 0 | 4 | _aسنن النسائى |
| 650 | 0 | 4 | _aالنسائى : احمد بن على بن شعيب |
| 650 | 0 | 4 | _aالكتب الستة للحديث |
| 942 |
_2ddc _cREF |
||
| 999 |
_c59339 _d59339 |
||